| 000 | 00766nam a2200217 a 4500 | ||
|---|---|---|---|
| 001 | 38457 | ||
| 003 | BD-RjUL | ||
| 005 | 20211209052812.0 | ||
| 008 | 161103s2006 ii ||||| |||| 00| 0 ben d | ||
| 020 |
_a9848633782 _c: TK 100.00 |
||
| 035 | _a(BD-RjUL)38562 | ||
| 040 |
_aBD-RjUL _bben _cBD-RjUL _dBD-RjUL |
||
| 041 | _aben | ||
| 082 |
_223 _a914.43 _bRAD 2006 |
||
| 100 |
_aরশিদ, আ ফ ম আবদুর _9118748 |
||
| 245 | 1 | 0 |
_aদেখে এলাম জার্মানী / _cআ ফ ম আবদুর রশিদ |
| 260 |
_aঢাকা : _bগাঙচিল প্রকাশনীণ, _c২০০৬ |
||
| 300 |
_a১২৮ পৃ. ; _c২২ সেমি. |
||
| 650 |
_aTravel In Europe _9146007 _zGermani |
||
| 942 |
_2ddc _cBK _01 |
||
| 999 |
_c38457 _d38457 |
||